Welcome to the Holygrace Academy Library

Please use search bar below to get started

HARIHARAKURUPP, P.S (Record no. 5491)

MARC details
000 -LEADER
fixed length control field 00324nam a22001217a 4500
082 ## - DEWEY DECIMAL CLASSIFICATION NUMBER
Classification number 894.812
Item number HAR.B
245 ## - TITLE STATEMENT
Title HARIHARAKURUPP, P.S
Remainder of title SOCIALISM STHAPITHAMAKUNNILLA
260 ## - PUBLICATION, DISTRIBUTION, ETC. (IMPRINT)
Place of publication MAVELIKKARA
Name of publisher SISIRAM PUBLICATIONS
Year of publication 2005
300 ## - PHYSICAL DESCRIPTION
Number of Pages 160
520 ## - SUMMARY, ETC.
Summary, etc MARXIST RELATED BOOKS
650 ## - SUBJECT ADDED ENTRY--TOPICAL TERM
Topical Term MARXIST RELATED BOOKS
942 ## - ADDED ENTRY ELEMENTS (KOHA)
Koha item type Books
Holdings
Withdrawn status Lost status Collection code Home library Current library Shelving location Date acquired Source of acquisition Cost, normal purchase price Full call number Accession Number Koha item type
    Fiction Main Library Main Library SHELF-16L- MALAYALAM BIOGRAPHY,STUDIES/CRITICISM 08/05/2006 Purchase 60.00 894.812 HAR.B 02704 Books